[Event "POL-ch Blitz U18 Girls"]
[Site "Bydgoszcz"]
[Date "2023.08.31"]
[Round "8"]
[White "Goraj, Barbara"]
[Black "Mroz, Lena"]
[Result "1-0"]
[WhiteElo "2115"]
[BlackElo "1500"]
[PlyCount "73"]
[EventDate "2023.08.28"]
[EventType "swiss"]
[EventRounds "9"]
[EventCountry "POL"]
[SourceTitle "CBM 216 Extra"]
[Source "ChessBase"]
[SourceDate "2023.11.30"]
[SourceVersion "1"]
[SourceVersionDate "2023.11.30"]
[SourceQuality "1"]

1. e4 c5 2. Nf3 Nc6 3. d4 cxd4 4. Nxd4 Qb6 5. Nb3 Nf6 6. Nc3 e6 7. a3 a6 8. Be3 Qc7 9. f3 b5 10. Qd2 Be7 11. g4 d6 12. g5 Nd7 13. f4 Bb7 14. 0-0-0 0-0-0 15. Qf2 Kb8 16. Bxb5 axb5 17. Nxb5 Qc8 18. Bb6 Nxb6 19. Qxb6 Rd7 20. Rd3 Qd8 21. Qe3 Ba6 22. a4 Qc8 23. Rc3 Qb7 24. N3d4 Nxd4 25. Qxd4 Rc8 26. Rb3 Ka8 27. Kb1 Qc6 28. Rc1 f6 29. h4 e5 30. Qe3 Qc5 31. Qf3 Rb7 32. Rc3 Bxb5 33. Rxc5 Rxc5 34. axb5 Rcxb5 35. b3 Kb8 36. Rd1 Rxb3+ 37. cxb3 1-0

[Event "POL-ch Rapid U18 Girls"]
[Site "Bydgoszcz"]
[Date "2023.08.29"]
[Round "2"]
[White "Obrochta, Lena"]
[Black "Mroz, Lena"]
[Result "1/2-1/2"]
[WhiteElo "1676"]
[BlackElo "1538"]
[PlyCount "85"]
[EventDate "2023.08.28"]
[EventType "swiss"]
[EventRounds "11"]
[EventCountry "POL"]
[SourceTitle "CBM 216 Extra"]
[Source "ChessBase"]
[SourceDate "2023.11.30"]
[SourceVersion "1"]
[SourceVersionDate "2023.11.30"]
[SourceQuality "1"]

1. e4 c5 2. Nf3 Nc6 3. d4 cxd4 4. Nxd4 Qb6 5. Nb3 Nf6 6. Nc3 e6 7. Bd3 a6 8. 0-0 Be7 9. a4 Qc7 10. f4 d6 11. Kh1 b6 12. Qe2 0-0 13. Bd2 Bb7 14. Rae1 Nb4 15. Nd4 Nxd3 16. cxd3 Rfd8 17. Nf3 e5 18. Rc1 Qb8 19. Qf2 Bc6 20. h3 Nd7 21. d4 Bf6 22. fxe5 dxe5 23. d5 Bb7 24. Be3 b5 25. a5 Qd6 26. Nh2 Rf8 27. Ng4 Be7 28. Rcd1 h5 29. Nh2 Nf6 30. Nf3 b4 31. Na4 Nxe4 32. Qe1 f5 33. Kh2 Rac8 34. Nb6 Rc2 35. b3 Nc3 36. Rd2 Rxd2 37. Qxd2 e4+ 38. Bf4 Qd8 39. d6 Bf6 40. Ng5 Qe8 41. d7 Qg6 42. Re1 Bc6 43. Rf1 1/2-1/2

[Event "Lazy Baltic Pearl op-A 19th"]
[Site "Lazy"]
[Date "2023.07.03"]
[Round "8"]
[White "Mroz, Lena"]
[Black "Oglaza, Dawid"]
[Result "1/2-1/2"]
[WhiteElo "1691"]
[BlackElo "1880"]
[PlyCount "51"]
[EventDate "2023.06.26"]
[EventType "swiss"]
[EventRounds "9"]
[EventCountry "POL"]
[SourceTitle "EXT 2024"]
[Source "ChessBase"]
[SourceDate "2023.10.10"]
[SourceVersion "1"]
[SourceVersionDate "2023.10.10"]
[SourceQuality "1"]

1. e4 c5 2. Nf3 d6 3. Bb5+ Bd7 4. Bxd7+ Qxd7 5. 0-0 Nc6 6. c3 Nf6 7. Re1 e6 8. d3 Be7 9. h3 0-0 10. Bf4 Rad8 11. Nbd2 Nh5 12. Bh2 f5 13. d4 cxd4 14. cxd4 g6 15. d5 exd5 16. exf5 gxf5 17. Nf1 Kh8 18. Qxd5 Nf6 19. Qe6 Qxe6 20. Rxe6 Ne4 21. N1d2 Rf6 22. Rxf6 Bxf6 23. Nc4 d5 24. Nce5 Nxe5 25. Bxe5 Kg7 26. Nd4 1/2-1/2

[Event "POL-chT U18 1st"]
[Site "Poland"]
[Date "2022.07.03"]
[Round "9.5"]
[White "Kudlak, Julia"]
[Black "Mroz, Lena"]
[Result "1-0"]
[WhiteElo "1654"]
[BlackElo "1719"]
[PlyCount "85"]
[EventDate "2022.06.25"]
[EventType "team-swiss"]
[EventRounds "9"]
[EventCountry "POL"]
[SourceTitle "EXT 2023"]
[Source "ChessBase"]
[SourceDate "2022.10.05"]
[SourceVersion "1"]
[SourceVersionDate "2022.10.05"]
[SourceQuality "1"]
[WhiteTeam "Warszawa Polonia"]
[BlackTeam "Czerwionka Leszczyny Skoczek"]
[WhiteTeamCountry "POL"]
[BlackTeamCountry "POL"]

1. e4 c5 2. Nf3 a6 3. c4 Nc6 4. d4 cxd4 5. Nxd4 e5 6. Nf5 d6 7. Ne3 g6 8. Nc3 Bg7 9. Be2 Nge7 10. g4 h6 11. Ned5 Nxd5 12. Nxd5 Be6 13. Be3 0-0 14. Qd2 Kh7 15. h4 Bxd5 16. cxd5 Nd4 17. Bxd4 exd4 18. Bd3 Kg8 19. 0-0-0 a5 20. Kb1 a4 21. f4 a3 22. b3 Qe7 23. Rde1 Rfc8 24. g5 h5 25. Re2 Qd7 26. Rhe1 Rc3 27. e5 dxe5 28. fxe5 Qxd5 29. e6 fxe6 30. Rxe6 Rf8 31. Rxg6 Qf3 32. Bc2 Re3 33. Rxg7+ Kxg7 34. Qxd4+ Kg8 35. Rxe3 Qf1+ 36. Bd1 Qg2 37. Re7 Rf7 38. Re8+ Rf8 39. Rxf8+ Kxf8 40. Qf6+ Ke8 41. Bxh5+ Kd7 42. Qd4+ Ke6 43. Qg4+ 1-0

[Event "POL-ch U16 Girls"]
[Site "Sypniewo"]
[Date "2022.03.25"]
[Round "7"]
[White "Barwinska, Ewa"]
[Black "Mroz, Lena"]
[Result "0-1"]
[WhiteElo "1848"]
[BlackElo "1773"]
[PlyCount "66"]
[EventDate "2022.03.19"]
[EventType "swiss"]
[EventRounds "9"]
[EventCountry "POL"]
[SourceTitle "CBM 207 Extra"]
[Source "ChessBase"]
[SourceDate "2022.05.31"]
[SourceVersion "1"]
[SourceVersionDate "2022.05.31"]
[SourceQuality "1"]

1. e4 d6 2. d4 Nf6 3. Nc3 e5 4. Nge2 Nbd7 5. g3 Be7 6. Bg2 0-0 7. 0-0 c6 8. a4 b6 9. b4 a6 10. f4 Bb7 11. Rb1 b5 12. a5 g6 13. fxe5 dxe5 14. d5 cxd5 15. exd5 Ne8 16. Bh6 Nd6 17. Bxf8 Bxf8 18. Qd3 f5 19. Kh1 Rc8 20. Ng1 Qc7 21. Rb3 Bg7 22. Rf2 e4 23. Nxe4 Nxe4 24. Bxe4 fxe4 25. Qxe4 Qe5 26. Qxe5 Nxe5 27. Rd2 Rd8 28. Nf3 Nxf3 29. Rxf3 Rxd5 30. Rdf2 Rf5 31. Kg2 Bc3 32. g4 Rxf3 33. Rxf3 Bxb4 0-1

[Event "Poronin Tatra Limba op"]
[Site "Poronin"]
[Date "2022.01.11"]
[Round "9"]
[White "Radzimski, Antoni"]
[Black "Mroz, Lena"]
[Result "1/2-1/2"]
[WhiteElo "1727"]
[BlackElo "1800"]
[PlyCount "102"]
[EventDate "2022.01.06"]
[EventType "swiss"]
[EventRounds "9"]
[EventCountry "POL"]
[SourceTitle "CBM 206 Extra"]
[Source "ChessBase"]
[SourceDate "2022.03.31"]
[SourceVersion "1"]
[SourceVersionDate "2022.03.31"]
[SourceQuality "1"]

1. e4 c5 2. Nf3 e6 3. d4 cxd4 4. Nxd4 a6 5. Nc3 b5 6. g3 Qc7 7. Bg2 Bb7 8. 0-0 Nf6 9. Re1 d6 10. Bg5 Nbd7 11. a3 Be7 12. f4 h6 13. Bh4 Rb8 14. Kh1 0-0 15. h3 Rfe8 16. Qe2 Nh7 17. Bxe7 Rxe7 18. g4 Nhf8 19. Rad1 Nb6 20. f5 Rd7 21. h4 e5 22. Nb3 Nh7 23. Na5 Ba8 24. Qe3 Qd8 25. Qg3 Rc8 26. Rd3 Na4 27. Nxa4 bxa4 28. b4 axb3 29. Nxb3 Rxc2 30. Nd2 Qa5 31. Nf3 f6 32. Ree3 Qd8 33. Ne1 Rc5 34. Kh2 d5 35. exd5 Bxd5 36. Bxd5+ Rcxd5 37. Rxd5 Rxd5 38. Rb3 Rd2+ 39. Kh3 Qd5 40. Rb8+ Nf8 41. Qb3 Qxb3+ 42. Rxb3 Nd7 43. Rc3 Rd6 44. Nc2 Kf7 45. Kg3 Ke7 46. Kf3 Nb6 47. Rc7+ Rd7 48. Rc6 Rd6 49. Rc7+ Rd7 50. Rc6 Rd6 51. Rc7+ Rd7 1/2-1/2

[Event "EU-ch Hybrid U16 Girls"]
[Site "Tornelo INT"]
[Date "2021.10.15"]
[Round "1"]
[White "Bashylina, Luisa"]
[Black "Mroz, Lena"]
[Result "1/2-1/2"]
[WhiteElo "2127"]
[BlackElo "1775"]
[PlyCount "142"]
[EventDate "2021.10.15"]
[EventType "swiss"]
[EventRounds "9"]
[EventCountry "NET"]
[SourceTitle "EXT 2023"]
[Source "ChessBase"]
[SourceDate "2022.10.05"]
[SourceVersion "1"]
[SourceVersionDate "2022.10.05"]
[SourceQuality "1"]
[WhiteTeam "Germany"]
[BlackTeam "Poland"]
[WhiteTeamCountry "GER"]
[BlackTeamCountry "POL"]

1. d4 d5 2. c4 e6 3. Nc3 c6 4. e4 dxe4 5. Nxe4 Bb4+ 6. Nc3 c5 7. a3 Ba5 8. Nge2 cxd4 9. Qxd4 Qxd4 10. Nxd4 Bxc3+ 11. bxc3 Bd7 12. Be2 Bc6 13. 0-0 Nf6 14. Be3 0-0 15. Nb5 Bxb5 16. cxb5 e5 17. Rfd1 Re8 18. c4 b6 19. a4 Nbd7 20. a5 h6 21. h3 Kf8 22. Ra3 Rab8 23. axb6 axb6 24. Ra7 Re7 25. Rd6 Ke8 26. Rc6 Re6 27. Rcc7 Kd8 28. Bg4 Rd6 29. Bf5 Rc8 30. Rxc8+ Kxc8 31. Ra6 Kb7 32. Kf1 Kc7 33. Ke2 h5 34. f4 e4 35. Bxd7 Nxd7 36. f5 Rf6 37. Ra7+ Kc8 38. g4 hxg4 39. hxg4 g6 40. Bg5 Rd6 41. Ke3 f6 42. Bf4 Rd3+ 43. Ke2 g5 44. Be3 Rc3 45. Ra4 Kb7 46. Rb4 Ne5 47. c5 bxc5 48. Rxe4 Nd7 49. Re7 Kc8 50. Re6 Rb3 51. Bxc5 Nxc5 52. Rc6+ Kb7 53. Rxc5 Rb4 54. Kf3 Rf4+ 55. Kg3 Rb4 56. Rc6 Rb3+ 57. Kf2 Rb4 58. Kf3 Rb3+ 59. Ke4 Rb4+ 60. Kd3 Rxg4 61. Rxf6 Rf4 62. Ke3 Kc7 63. Rc6+ Kd7 64. f6 Rf5 65. Rb6 Kc7 66. Ra6 Rxb5 67. f7 Rb8 68. Kf3 Rf8 69. Kg4 Kd7 70. Ra7+ Ke6 71. Kxg5 Rxf7 1/2-1/2

[Event "EU-ch Hybrid U16 Girls"]
[Site "Tornelo INT"]
[Date "2021.10.15"]
[Round "6"]
[White "Mroz, Lena"]
[Black "Palamarevic, Mina"]
[Result "1-0"]
[WhiteElo "1775"]
[BlackElo "1525"]
[PlyCount "59"]
[EventDate "2021.10.15"]
[EventType "swiss"]
[EventRounds "9"]
[EventCountry "NET"]
[SourceTitle "EXT 2023"]
[Source "ChessBase"]
[SourceDate "2022.10.05"]
[SourceVersion "1"]
[SourceVersionDate "2022.10.05"]
[SourceQuality "1"]
[WhiteTeam "Poland"]
[BlackTeam "Serbia"]
[WhiteTeamCountry "POL"]
[BlackTeamCountry "SRB"]

1. e4 Nf6 2. e5 Nd5 3. c4 Nb6 4. d4 d6 5. exd6 cxd6 6. Nc3 g6 7. Be3 Bg7 8. Rc1 0-0 9. b3 Nc6 10. d5 Ne5 11. Be2 Bf5 12. f4 Ned7 13. Nf3 Rc8 14. 0-0 Nf6 15. h3 Ne4 16. Nxe4 Bxe4 17. Ng5 Bf5 18. Bd3 Bxd3 19. Qxd3 Nd7 20. Rce1 Nc5 21. Qe2 h6 22. Nf3 Re8 23. Bd4 Bxd4+ 24. Nxd4 Qb6 25. Kh2 Nd7 26. Qd3 Nf6 27. Rf3 Qa5 28. Re2 Qc5 29. Rg3 Kg7 30. Ne6+ 1-0

[Event "EU-ch Hybrid U16 Girls"]
[Site "Tornelo INT"]
[Date "2021.10.15"]
[Round "2"]
[White "Mroz, Lena"]
[Black "Zabrzanska, Weronika"]
[Result "1/2-1/2"]
[WhiteElo "1775"]
[BlackElo "1892"]
[PlyCount "57"]
[EventDate "2021.10.15"]
[EventType "swiss"]
[EventRounds "9"]
[EventCountry "NET"]
[SourceTitle "EXT 2023"]
[Source "ChessBase"]
[SourceDate "2022.10.05"]
[SourceVersion "1"]
[SourceVersionDate "2022.10.05"]
[SourceQuality "1"]
[WhiteTeam "Poland"]
[BlackTeam "Poland"]
[WhiteTeamCountry "POL"]
[BlackTeamCountry "POL"]

1. e4 e5 2. Nf3 Nc6 3. Bb5 a6 4. Ba4 Nf6 5. 0-0 Nxe4 6. d4 d5 7. dxe5 Be6 8. c3 Bc5 9. Qd3 h6 10. Be3 Qe7 11. Nbd2 Bxe3 12. Qxe3 Nc5 13. Bc2 0-0 14. Rae1 Rae8 15. Nd4 Nxd4 16. cxd4 Nd7 17. Qd3 g6 18. Qg3 Kh7 19. f4 f5 20. exf6 Qxf6 21. Qf2 Bf5 22. Bxf5 Qxf5 23. g3 Qd3 24. h3 c6 25. Kh2 Nf6 26. Re5 Nd7 27. Ree1 Nf6 28. Re5 Nd7 29. Ree1 1/2-1/2

[Event "Ustron op-C"]
[Site "Ustron"]
[Date "2020.08.15"]
[Round "6"]
[White "Malik, Maciej"]
[Black "Mroz, Lena"]
[Result "1-0"]
[WhiteElo "1559"]
[BlackElo "1643"]
[PlyCount "105"]
[EventDate "2020.08.15"]
[EventType "swiss"]
[EventRounds "9"]
[EventCountry "POL"]
[SourceTitle "EXT 2021"]
[Source "ChessBase"]
[SourceDate "2020.10.23"]
[SourceVersion "1"]
[SourceVersionDate "2020.10.23"]
[SourceQuality "1"]

1. d4 d5 2. Nf3 Nf6 3. e3 c5 4. b3 Nc6 5. Bb2 cxd4 6. exd4 Bf5 7. Bd3 Bxd3 8. Qxd3 e6 9. a3 Be7 10. Nbd2 0-0 11. 0-0 Rc8 12. c4 dxc4 13. bxc4 Qb6 14. Rab1 Qa6 15. Rfc1 Rfd8 16. Qe3 Rb8 17. Ne4 Nxe4 18. Qxe4 Bf6 19. g4 g6 20. Qf4 Bg7 21. Ng5 Rf8 22. Nf3 Rbd8 23. h4 Na5 24. c5 Nc6 25. h5 Ne7 26. Re1 Nd5 27. Qd2 Qc6 28. Kg2 Nf6 29. h6 Bh8 30. Qg5 Nd5 31. Qd2 Bf6 32. Bc1 Rd7 33. Rb3 Re8 34. Kh3 Qa4 35. Rd3 a6 36. g5 Bh8 37. Nh2 e5 38. Qd1 Qxd1 39. Rdxd1 Rde7 40. dxe5 Rxe5 41. Rxe5 Rxe5 42. Ng4 Rf5 43. Ne3 Nf4+ 44. Kg4 Ne6 45. Nxf5 gxf5+ 46. Kxf5 Kf8 47. Rd7 Nd4+ 48. Ke4 Ne6 49. Be3 Bb2 50. Rxb7 Bxa3 51. Kd5 a5 52. c6 Bb4 53. c7 1-0

[Event "Ustron op-C"]
[Site "Ustron"]
[Date "2020.08.15"]
[Round "7"]
[White "Mroz, Lena"]
[Black "Lysakowski, Kamil"]
[Result "1-0"]
[WhiteElo "1643"]
[BlackElo "1538"]
[PlyCount "113"]
[EventDate "2020.08.15"]
[EventType "swiss"]
[EventRounds "9"]
[EventCountry "POL"]
[SourceTitle "EXT 2021"]
[Source "ChessBase"]
[SourceDate "2020.10.23"]
[SourceVersion "1"]
[SourceVersionDate "2020.10.23"]
[SourceQuality "1"]

1. e4 c5 2. Nf3 d6 3. d4 cxd4 4. Nxd4 Nf6 5. Nc3 a6 6. a4 e5 7. Nf3 Be7 8. Bg5 Be6 9. Bxf6 Bxf6 10. Nd5 Bxd5 11. Qxd5 Qc7 12. Bc4 0-0 13. 0-0 Nc6 14. c3 Ne7 15. Qd3 Ng6 16. g3 Rad8 17. Rfd1 Ne7 18. Ne1 Qd7 19. Nc2 g6 20. Qf3 Bg7 21. Ne3 Kh8 22. Bf1 Qc6 23. Nd5 Nxd5 24. Rxd5 f5 25. Bg2 Qb6 26. Qe2 f4 27. a5 Qc7 28. Bh3 h5 29. Rad1 Qe7 30. Qd3 Rf6 31. c4 Bf8 32. b4 g5 33. Bf5 Kg7 34. Qc3 Kh6 35. c5 Qc7 36. Qb2 Re8 37. Rc1 Qe7 38. Rc2 Qf7 39. Rcd2 Qc7 40. Qa2 Be7 41. cxd6 Bxd6 42. Rc2 Qe7 43. Qc4 Rd8 44. Qd3 Rff8 45. Rd2 Rf6 46. Qc2 Rff8 47. Qd1 Rf6 48. R2d3 Qf8 49. Kg2 Qe7 50. b5 g4 51. b6 Kg7 52. Qc2 Rff8 53. Rxd6 Rxd6 54. Rxd6 Qxd6 55. Qc7+ Qxc7 56. bxc7 fxg3 57. c8Q 1-0

[Event "POL-chT U20 2nd League"]
[Site "Szczyrk"]
[Date "2017.07.23"]
[Round "2.47"]
[White "Pieczewska, Gabriela"]
[Black "Mroz, Lena"]
[Result "1-0"]
[WhiteElo "1161"]
[BlackElo "1331"]
[PlyCount "84"]
[EventDate "2017.07.22"]
[EventType "team-swiss"]
[EventRounds "11"]
[EventCountry "POL"]
[SourceTitle "EXT 2019"]
[Source "ChessBase"]
[SourceDate "2018.10.10"]
[SourceVersion "1"]
[SourceVersionDate "2018.10.10"]
[SourceQuality "1"]

1. c4 e5 2. g3 Nf6 3. Nc3 d5 4. cxd5 Nxd5 5. Bg2 Nb6 6. Nf3 Nc6 7. d3 Be7 8. 0-0 Be6 9. a3 a5 10. e3 0-0 11. d4 exd4 12. Nxd4 Nxd4 13. exd4 c6 14. Be3 Qd7 15. d5 Nxd5 16. Nxd5 Bxd5 17. Qd2 Be6 18. Qxd7 Bxd7 19. Bb6 Bf6 20. Rab1 Bf5 21. Rbd1 Bxb2 22. Bc5 Rfd8 23. h3 h6 24. g4 Bg6 25. f4 f5 26. Rb1 Rd2 27. Rf2 Rxf2 28. Kxf2 Bf6 29. Rxb7 Rc8 30. Ra7 Bd8 31. Ra6 fxg4 32. hxg4 Be8 33. Bh3 Rb8 34. Bg2 Rc8 35. Ke3 Kf7 36. Ke4 Kf6 37. Bd4+ Ke7 38. Bxg7 c5 39. Kd5 Bf7+ 40. Ke4 c4 41. f5 c3 42. Ke3 Bb3 1-0